Responses for Show #8133 - Wednesday, January 8, 2020

Contestants

[<< previous game]

Shaun Gold, a serial entrepreneur from Boca Raton, Florida

Rachel Kline, a program associate from Washington, D.C.

Lisa Warne-Magro, a homemaker and community volunteer from Austin, Texas (whose 1-day cash winnings total $14,700)

[next game >>]

Jeopardy! Round responses

1995
BUSINESS & INDUSTRY
TV HOMES & ADDRESSES
"B"EASTS
GIVE US THE IMPERATIVE VERB!
UDDERLY MILK--OR NOT
    $200 18
a balloon

Shaun
    $200 20
a Big Mac

Rachel
    $200 26
GLOW

Triple Stumper
    $200 1
a bongo

Lisa
    $200 6
fetch

Rachel
    $200 11
calcium

Rachel
    $400 17
Cal Ripken, Jr.

Shaun
    $400 21
H&M

Rachel
    $400 27
The Munsters

Shaun
    $400 2
a bobcat

Rachel
    $400 7
endorse

Triple Stumper
    $400 12
vegan

Lisa
    $600 16
the Million Man March

Shaun
    $600 22
Keurig

Lisa
    $600 28
Bel-Air

Shaun
    $600 3
a bandicoot

Lisa
    $600 8
slide

Rachel
    $600 13
a (growth) hormone

Shaun
    $800 15
(Yitzhak) Rabin

Shaun
    $800 23
X-ACTO

Lisa
    $400 29
Seinfeld

Shaun
    $800 4
a bison

Triple Stumper
    $800 9
insert

Lisa
    $800 24
a groat

Lisa
    $1000 14
Grozny

Shaun
    $1000 19
(William) Murphy

Lisa
    $1000 30
Wisteria

Lisa
    $1000 5
(Lisa: What's a wolverine?)

a badger

LisaRachel
    $1000 10
Enlist

Rachel
    $1000 25
(Rachel: What is ultra-pasteurized?)

sweetened condensed milk

LisaRachel

Scores at the first commercial break (after clue 15):

Lisa Rachel Shaun
$1,000 $3,400 $2,400

Scores at the end of the Jeopardy! Round:

Lisa Rachel Shaun
$6,200 $3,000 $5,000

Double Jeopardy! Round responses

QUOTING POETS
ANOTHER YEAR, ANOTHER DOLLAR
RIVER ISLANDS
A SPARKLING CATEGORY
FILM COMPOSERS
JEOPARDY! IN 2-D
(Alex: Each correct response will contain the letter D twice but not necessarily next to each other.)
    $400 11
poor

Lisa
    $400 27
Martha Washington

Triple Stumper
    $400 25
(Alex: Less than a minute.)

the Hudson

Lisa
    $400 1
(Shaun: What is a wine cooler?)

a sparkling wine

RachelShaun
    $400 23
Mozart

Rachel
    $400 6
dilated

Rachel
    $800 10
(Walt) Whitman

Lisa
    $800 21
1929

Lisa
    $800 18
Île de la Cité

Triple Stumper
    $800 2
(Lisa: What is Rainbow Brite?)

My Little Pony

Lisa
Triple Stumper
    $800 20
Beethoven

Triple Stumper
    $800 7
kindred

Lisa
    $1200 12
Howl

Shaun
    $1200 28
(Rachel: What is E pluribus unum?)
(Shaun: What is Under God?)

In God We Trust

LisaRachelShaun
    $1200 15
(Lisa: What is the Yellow River?)

the Yangtze

LisaShaun
    $1200 3
fool's gold

Rachel
    $1200 19
Cole Porter

Triple Stumper
    $1200 8
a deadbolt

Lisa
    $1600 13
(Shaun: What is Do Not Go Gently Into The Good Night?)
(Lisa: What is Do Not Go Gently Into That Good Night?)

Do Not Go Gentle Into That Good Night

LisaShaun
Triple Stumper
    $1600 29
Sequoyah

Triple Stumper
    $1,500 16
(Alex: Shaun?)
(Shaun: What is nothing. I got nothing.)

Montreal

Shaun
    $1600 4
Dick Tracy

Lisa
    $1600 24
Tchaikovsky

Triple Stumper
    $1600 9
Andromeda

Shaun
    $2000 14
Things fall apart

Triple Stumper
    $2000 30
Salmon Chase

Lisa
    $2000 17
(Rachel: What are Serbia and Montenegro?)
(Shaun: What are Serbia and Albania?)

Serbia and Croatia

RachelShaun
Triple Stumper
    $2000 5
(Guy) Fawkes

Rachel
    $2000 26
Shostakovich

Triple Stumper
    $2,000 22
the Druids

Lisa

Scores at the end of the Double Jeopardy! Round:

Lisa Rachel Shaun
$13,800 $4,200 $2,300
(lock game)

[wagering suggestions for these scores]

Final Jeopardy! Round responses

EUROPEAN HISTORY
(Alex: Arnold Stang? Arnold Schwarzenegger?)
(Rachel: It doesn't matter.)
ShaunWho is Dreyfuss?
$0
RachelWho was Arnold...?
$401
LisaWho is not Emile Zola?
$4,000
(Alfred) Dreyfus

Final scores:

Lisa Rachel Shaun
$9,800 $3,799 $2,300
2-day champion: $24,500 2nd place: $2,000 3rd place: $1,000

Game dynamics:

Coryat scores:

Lisa Rachel Shaun
$13,800 $4,200 $4,200
20 R
(including 1 DD),
4 W
13 R,
3 W
12 R
(including 1 DD),
5 W
(including 1 DD)

Combined Coryat: $22,200

[game clues] [game scores] [suggest correction]

Game tape date: 2019-10-23
The J! Archive is created by fans, for fans. Scraping, republication, monetization, and malicious use prohibited; this site may use cookies and collect identifying information. See terms. The Jeopardy! game show and all elements thereof, including but not limited to copyright and trademark thereto, are the property of Jeopardy Productions, Inc. and are protected under law. This website is not affiliated with, sponsored by, or operated by Jeopardy Productions, Inc. Join the discussion at JBoard.tv.